| 000 -CABECERA |
| fixed length control field |
00922nam a22002057a 4500 |
| 003 - IDENTIFICADOR DEL NÚMERO DE CONTROL |
| control field |
AR-CdUCM |
| 008 - DATOS DE LONGITUD FIJA--INFORMACIÓN GENERAL |
| fixed length control field |
190320b ||||| |||| 00| 0 spa d |
| 040 ## - FUENTE DE LA CATALOGACIÓN |
| Agencia/entidad que catalogó originalmente la obra |
MUNICIPALIDAD PROVINCIAL DEL CUSCO |
| Entidad que transcribió la catalogación |
BIBLIOTECA MUNICIPAL DEL CUSCO |
| 082 ## - NÚMERO DE LA CLASIFICACIÓN DECIMAL DEWEY |
| No. de la edición |
3ed. |
| No. de Clasificación |
690.1 / |
| Notacion interna |
A72 |
| 100 ## - ENTRADA PRINCIPAL--NOMBRE DE PERSONA |
| Nombre Personal |
Armas, S. |
| 245 ## - MENCIÓN DE TÍTULO |
| Título |
Trabajos de albañileria / |
| 260 ## - PUBLICACIÓN, DISTRIBUCIÓN, ETC. |
| Lugar de publicación, distribución, etc. |
Barcelona : |
| Nombre de la editorial, distribuidor, etc. |
J. Bruguer, |
| Fecha de publicación, distribución, etc. |
1961. |
| 300 ## - DESCRIPCIÓN FÍSICA |
| Nº de Páginas Extensión |
216 paginas ; |
| Otros detalles físicos |
Diagramas, |
| Dimensiones |
22 cm. |
| 440 ## - MENCIÓN DE SERIE/PUNTO DE ACCESO ADICIONAL--TÍTULO |
| Título |
Biblioteca Practica de Construcción |
| 9 (RLIN) |
21043 |
| 505 ## - NOTA DE CONTENIDO CON FORMATO |
| Nota de contenido formateada |
Contenido :Clasificación y calculo de los muros y paredes --Construcción de los muros o paredes y pilares --Huecos en los muros --Revestimiento de parámetros, revoques y estucos ... |
| 650 ## - PUNTO DE ACCESO ADICIONAL DE MATERIA--TÉRMINO DE MATERIA |
| Descriptor |
Biblioteca práctica de construcción |
| 9 (RLIN) |
21044 |
| 650 ## - PUNTO DE ACCESO ADICIONAL DE MATERIA--TÉRMINO DE MATERIA |
| Descriptor |
Albañilería |
| 9 (RLIN) |
21045 |
| 942 ## - ELEMENTOS DE PUNTO DE ACCESO ADICIONAL (KOHA) |
| Fuente de clasificación |
|
| Tipo de item |
Libros-BMC |
| 945 ## - PROCESAMIENTO DE INFORMACIÓN LOCAL (OCLC) |
| Catalogador |
rjall |